000 00983nam a2200265Ia 4500
003 OSt
005 20220923215623.0
006 a|||||r|||| 00| 0
007 ta
008 220922b |||||||| |||| 00| 0 hin d
020 _c25
024 _a180,290
037 _cTextual
040 _aARTS
_cARTS
_bhin
041 _2hin
_ahin
082 _aO152,1N01:g(P111:75), L9
100 _aशर्मा, जगदीश
_9156290
245 0 _aपंत काव्य में अ्रंग्रेजी अलंकरो का प्रभाव
246 _aPanta kāvya mean arangrejī alankaro kā prabhāva
260 _aमुज्फफरनगर
_b अखिल भारतीय विक्रम परिषद्
_c1979
300 _a108 पृ.
_ccm.
650 _aहिन्दी साहित्य
_9156264
942 _hO152,1N01:g(P111:75), L9
_cTEXL
_2CC
999 _c333671
_d333671